| 000 | 01206 a2200181 4500 | ||
|---|---|---|---|
| 003 | Nust | ||
| 005 | 20221222085324.0 | ||
| 040 | _cNust | ||
| 082 | _a330,KHA | ||
| 100 |
_aAbdul Haleem Khawja _9105584 |
||
| 245 |
_aIntermediate economics Part-1 / _cAbdul Haleem Khawja |
||
| 260 |
_aKhawja & Khawja Publishing House _bIslamabad _c2003 |
||
| 300 |
_a263 p _billus _c24 cm |
||
| 505 | _aNature And Scope Of Economics (Page-1), Basic Terms And Concepts In Economics (Page-21), Consumption (Page-31), Demand (Page-44), Elasticity Of Demand (Page-52), Supply (Page-65), Equilibrium Of Demand And Supply (Page-75), Equilibrium Of Demand And Supply (Page-96), Production And Factors Of Production (Page-103), Scale Of Production And Laws Of Returns (Page-121), Market (Page-139), Firms Product, Cost And Revenues (Page-149), Equilibrium Of Firm And Industry (Page-160), The Theory Of Distribution (Page-170), Wages (Page-179), Rent (Page-192), Interest (Page-199), Profit (Page-207), Some Concepts Of Statistics (Page-211), Objective Questions (Page-219), Examination Papers (Page-260). | ||
| 600 |
_aAbdul Haleem Khawja _9105584 |
||
| 650 |
_aIntermediate economics Part-1 _9105585 |
||
| 942 |
_2ddc _cBK _k330,KHA |
||
| 999 |
_c184533 _d184533 |
||